| 000 | 01061nam a22002770a 4500 | ||
|---|---|---|---|
| 001 | PT21859 | ||
| 003 | AR-LpoUNG | ||
| 005 | 20210131233032.0 | ||
| 008 | 191001s1983||||sp |||||||||||||||||spa d | ||
| 020 |
_a8434408163 _c$55 |
||
| 040 |
_aAR-LpoUNG _bspa _cAR-LpoUNG _eaacr |
||
| 041 | _aspa | ||
| 044 | _asp | ||
| 082 | 0 | _a410 942lin | |
| 100 | 1 | _aBunge, Mario | |
| 245 | 1 | 0 | _aLingüística y filosofía |
| 250 | _a1ª edición | ||
| 260 |
_aBarcelona : _bAriel, _c1983. |
||
| 300 |
_a139 p. : _bil. |
||
| 520 | _aExamina la crisis de la lingüística, halla sus raíces en ciertas tesis filosóficas, y propone remedios para superarla. entre estos figura la integración de las diversas ramas de la lingüística para considerar el habla como un fenómeno cerebral y social, y el reconocer que la gramática generativo-transformacional es revolucionaria en algunos aspectos y contra-revolucionaria en otros. | ||
| 650 | 4 | _aFILOSOFIA | |
| 650 | 4 | _aLINGUISTICA | |
| 651 | 4 | _aDOCUMENTOS TEORICOS O METODOLOGICOS | |
| 905 | _a21859 | ||
| 942 | _cLIB | ||
| 999 |
_c18838 _d18838 |
||